Du succès en sciences : Guide pour améliorer vos capacités

Bewaard in:
Bibliografische gegevens
Hoofdauteur: Tremblay, France
Formaat: Boek
Taal:Undetermined
Gepubliceerd in: Canada Nouvelles 1995
Onderwerpen:
Tags: Voeg label toe
Geen labels, Wees de eerste die dit record labelt!
Thư viện lưu trữ: Trung tâm Học liệu Trường Đại học Cần Thơ
LEADER 00549nam a2200193Ia 4500
001 CTU_41557
008 210402s9999 xx 000 0 und d
082 |a 370.1 
082 |b T789 
100 |a Tremblay, France 
245 0 |a Du succès en sciences : 
245 0 |b Guide pour améliorer vos capacités 
245 0 |c France Tremblay 
260 |a Canada 
260 |b Nouvelles 
260 |c 1995 
650 |a Educational psychology 
904 |i Nguyễn Quang Điền, 010529 
980 |a Trung tâm Học liệu Trường Đại học Cần Thơ